Here's Donald ! [
| Main Author: | |
|---|---|
| Format: | Book |
| Published: |
s.l. :
Walt Disney Home Video ,
19_.
|
| Subjects: |
MARC
| LEADER | 00000cam a2200000 7i4500 | ||
|---|---|---|---|
| 001 | 0000000238 | ||
| 002 | 000000308 | ||
| 005 | 20021001.0 | ||
| 020 | |a 000000308 | ||
| 090 | 0 | 0 | |a JF |b DON |
| 100 | 1 | |a Disney, Walt | |
| 245 | 0 | 0 | |a Here's Donald ! [ |h video recording] |c Walt Disney |
| 260 | |a s.l. : |b Walt Disney Home Video , |c 19_. | ||
| 300 | |a 1 Video recording VHS (43:00 min) : |b col.(PAL) | ||
| 500 | |a Library has 1 copy | ||
| 650 | 0 | 0 | |a Cartoon and carricatures |
| 999 | |a PV0238 |b VIDEO |c JUNIOR REFERENCE |e PERPUSTAKAAN KOMUNITI PETALING JAYA | ||